Modelovanie tvárniaceho technologického procesu ohýbania

Salvato in:
Dettagli Bibliografici
Autore principale: Pavelka, Ivan (Autore)
Altri autori: Sobota, Róbert (Relatore della tesi)
Natura: Manoscritto Libro
Lingua:slovacco
Pubblicazione: 2025
Soggetti:
Accesso online:http://is.stuba.sk/zp/portal_zp.pl?podrobnosti=176987
Tags: Aggiungi Tag
Nessun Tag, puoi essere il primo ad aggiungerne!!

MARC

LEADER 00000ntm a22000003a 4500
001 stuzp104146
003 SK-STU
005 20250628211253.1
007 ta
008 150427s2015----xo-----f-mn---000-0-slo-d
040 |a STU  |b slo 
041 0 |a slo 
100 1 |a Pavelka, Ivan  |u 063000  |4 aut  |U MTF Materiálovotechnologická fakulta  |T MTF Ústav výrobných technológií  |X 122034  |U M3000  |Y 83  |7 122034 
242 0 1 |a The modelling of forming technological process - bending  |y eng 
245 1 0 |a Modelovanie tvárniaceho technologického procesu ohýbania 
260 |c 2025 
650 4 |a CAD  |2 slo 
650 4 |a ohýbanie  |2 slo 
650 4 |a modelovanie  |2 slo 
650 4 |a bending  |2 eng 
650 4 |a modeling  |2 eng 
650 4 |a CAD  |2 eng 
700 1 |a Sobota, Róbert  |u 063400  |k Z1  |4 ths  |U MTF Ústav výrobných technológií  |T MTF Katedra tvárnenia kovov a plastov  |X 3784  |U M3400  |Y 163  |7 A000003784 
856 4 |u http://is.stuba.sk/zp/portal_zp.pl?podrobnosti=176987 
996 |c M* BP-10000  |l MMSKP  |s P  |a 0  |w stuzp104146_0001